Norwegian Words - Statistics

General Stats
  • This quiz has been taken 839 times
  • The average score is 11 of 15
Answer Stats
Hint Answer % Correct
takk thanks
94%
hei hi
92%
bra good
89%
elsker love
89%
hvordan how
85%
gutt boy
82%
ti ten
74%
bruke use
67%
ku cow
64%
tog train
63%
bukser pants
60%
dyr expensive
59%
ren clean
58%
gravid pregnant
55%
stygg ugly
54%
No matching quizzes found
Score Distribution
Percent of People with Each Score
Percentile by Number Answered
Your Score History
You have not taken this quiz